Samy Deluxe - Diskografie - Statistiken

Allgemein
  • Dieses Quiz wurde 9 mal gespielt
  • Das Durchschnittsergebnis liegt bei 7 aus 10
Antwortstatistiken
Jahr Pseudonym Album-Titel % Korrekt
2001 Samy Deluxe Samy Deluxe
88%
2009 Samy Deluxe Dis wo ich herkomm
75%
2019 Samy Deluxe Hochkultur
75%
2014 Samy Deluxe Männlich
75%
2004 Samy Deluxe Verdammtnochma!
75%
2003 ASD Wer hätte das gedacht?
75%
2015 ASD Blockbasta
63%
2011 Samy Deluxe SchwarzWeiss
63%
2012 Herr Sorge Verschwörungstheorien mit schönen Melodien
63%
2016 Samy Deluxe Berühmte letzte Worte
50%
Keine übereinstimmenden Quizze gefunden
Verteilung der Resultate
Anzahl Personen mit jedem Resultat
Perzentil nach korrekt beantworteten Fragen
Ihre Resultats-Entwicklung
Sie haben dieses Quiz noch nicht gespielt